书目信息 |
| 题名: |
莎士比亚
|
|
| 作者: | 许海燕 编著 | |
| 分册: | ||
| 出版信息: | 沈阳 辽海出版社 1998.10 |
|
| 页数: | 163页 | |
| 开本: | 32开 | |
| 丛书名: | ||
| 单 册: | ||
| 中图分类: | K835.615.6 | |
| 科图分类: | ||
| 主题词: | 历史 , 地理 | |
| 电子资源: | ||
| ISBN: | 7-80638-897-4 | |
| 000 | 00549nam0 2200205 45 | |
| 001 | 0102120944 | |
| 005 | 20010212095200.3 | |
| 010 | @a7-80638-897-4@d9.10元 | |
| 100 | @a20010212d1998 km y0chiy0120 ea | |
| 101 | 0 | @achi |
| 105 | @a z 000yy | |
| 200 | 1 | @a莎士比亚@ASha Shi Bi Ya@f许海燕编著@FXu Hai Yan Bian Zhu |
| 210 | @a沈阳@c辽海出版社@d1998.10 | |
| 215 | @a163页@d32开 | |
| 606 | 0 | @a历史 |
| 606 | 0 | @a地理 |
| 690 | @aK835.615.6@v3 | |
| 701 | 0 | @a许海燕@4编著 |
| 801 | @aCN@bPftUser@c20010212 | |
| 905 | @b320531-535@dK835.615.6@eX914@f5 | |
| 莎士比亚/许海燕编著.-沈阳:辽海出版社,1998.10 |
| 163页;32开 |
| ISBN 7-80638-897-4:9.10元 |
| ● |
| 相关链接 |
|
|
|
正题名:莎士比亚
索取号:K835.615.6/X914
 
预约/预借
| 序号 | 登录号 | 条形码 | 馆藏地/架位号 | 状态 | 备注 |
| 1 | 320531 | 203205316 | 自科二线404/309社科库 4排2列3层/ [索取号:K835.615.6/X914] | 在馆 | |
| 2 | 320532 | 203205325 | 自科二线404/400A自科库 5排3列1层/ [索取号:K835.615.6/X914] | 在馆 | |
| 3 | 320533 | 203205334 | 社科库309/309社科库 102排3列6层/ [索取号:K835.615.6/X914] | 在馆 | |
| 4 | 320534 | 203205343 | 自科二线404/400A自科库 5排3列1层/ [索取号:K835.615.6/X914] | 在馆 | |
| 5 | 320535 | 203205352 | 社科库309/309社科库 102排3列6层/ [索取号:K835.615.6/X914] | 在馆 |